| 000 | 004940000a22001690004500 | ||
|---|---|---|---|
| 003 | MACL | ||
| 005 | 20160227174358.0 | ||
| 008 | 160227b xxu||||| |||| 00| 0 eng d | ||
| 040 |
_aMACL _cMACL |
||
| 041 | _aHindi | ||
| 082 | _a700 | ||
| 100 |
_aसामर देवीलाल _941116 |
||
| 245 | _aभारतीय ललित कलाऍ | ||
| 260 |
_bनक्षत्र प्रकाशन _c1966 _aअज्जैन |
||
| 650 |
_aArts _941118 |
||
| 942 |
_cHIN _k700 _2ddc |
||
| 999 |
_c25278 _d25278 |
||